000 01041nam a2200289Ia 4500
001 Para_10075
003 CHAP
008 220125sMarz xx 000 0 und d
010 _a208762
040 _cCHAP
090 _aPA CD - TESIS 155
100 _aRamírez Maldonado, Gerardo
_994119
245 _aHongos y oomycetes asociados a cánceres de tallo y muerte regresiva en arándano (Vaccinium spp.) /
_c Gerardo Ramírez Maldonado; Director Ángel Rebollar Alviter
260 _aChapingo, Méx. :
_b el autor
300 _a1 CDS ROM (84 p.)
502 _aTesis (Ing. Agr. Esp. en Parasitología Agrícola). UACh. Departamento Parasitología Agrícola
520 _a(M.C. en Protección Vegetal) UACh
700 _aRebollar Alviter, Ángel. Director
_9175068
710 _aUACh. Departamento Parasitología Agrícola
_9164025
901 _aPA CD - TESIS 155
902 _aM
905 _a513220Marzo, 2012 an 8100000000 06
910 _aMarz
942 _cPARA
942 _cPARA
_d2
999 _c208762
_d208762